000 00756nam a2200217Ii 4500
003 JO-AjNU
008 230605s9999||||xx |||||||||||||| ||und||
020 _a978-614-419-320-4
040 _aJO-AjNU
_bara
_erda
_cJO-AjNU
041 _aara
050 1 4 _aHC498.2013
100 3 _aالعساف، محمد ابراهيم,
_eauthor
_950114
245 0 0 _aالديمقراطية في الفكر العربي المعاصر
250 _aط1
264 3 1 _aبيروت:المؤسسة العربية للدراسات والنشر،2013
300 _a500ص
336 _atext
_btxt
_2rdacontent
337 _aunmediated
_bn
_2rdamedia
338 _avolume
_bnc
_2rdacarrier
650 4 _aالديمقراطية -- فلسفة -البلاد العربية
_950115
999 _aA22054
_c25622
_d25622